000
00296 a2200109 4500
001
ART_6848
005
20260410161621.0
008
260409a
245
1
0
_a
Introducción de NIIF (IFRS)
100
1
_a
Slosse, Carlos Alberto
773
0
_t
Enfoques
_g
- Nº 8 (ago. 2010)
_w
REV416
999
_c
11571
_d
11571